000 00599nam a22002052 4500
001 0000004946
005 20151217151946.0
008 070604s xx 000 0 eng d
020 _a157230023X :
_cKES 300
040 _aKABU
_cKABU
050 0 _aRC531
_b.C87
245 1 0 _aCurrent controversies in the anxiety disorders /
_cedited by Ronald M. Rapee.
260 _aNew York :
_bGuilford Press,
_c1996.
300 _axi, 388 p.
650 0 _aAnxiety.
_@0000053725
700 1 _aRapee, Ronald.
_@0000155939
908 _a070604
950 _@1
999 _c6746
_d6746